01310nam a2200325Ia 4500001001200000003000800012006001900020007001500039008004100054010001700095020001500112020001800127020001800145040002100163035002100184050002800205100002500233245012900258260009300387300002300480504005100503533015200554650002600706650003800732655002900770700002500799710001700824856012600841999001700967ebr10560549CaPaEBRm u cr cn|||||||||080630s2008 njua sb 001 0 eng d z 2008274657 z0470147075 z9780470147078 z9780470258026 aCaPaEBRcCaPaEBR a(OCoLC)79363352014aQA76.76.S64bA67 2008eb1 aApril, Alain,d1958-10aSoftware maintenance managementh[electronic resource] :bevaluation and continuous improvement /cAlain April, Alain Abran. aHoboken, N.J. :bWiley Interscience ;a[Washington, DC] :bIEE Computer Society,cc2008. axx, 314 p. :bill. aIncludes bibliographical references and index. aElectronic reproduction.bPalo Alto, Calif. :cebrary,d2011.nAvailable via World Wide Web.nAccess may be limited to ebrary affiliated libraries. 0aSoftware maintenance. 0aSoftware maintenancexManagement. 7aElectronic books.2local1 aAbran, Alain,d1949-2 aebrary, Inc.40uhttp://site.ebrary.com/lib/rucke/Doc?id=10560549zAn electronic book accessible through the World Wide Web; click to view c96240d96240